Normal view MARC view
  • Malaysia

Entry Corporate Name

Number of records used in: 15

001 - CONTROL NUMBER

  • control field: 1301

003 - CONTROL NUMBER IDENTIFIER

  • control field: OSt

005 - DATE AND TIME OF LATEST TRANSACTION

  • control field: 20170504121228.0

008 - FIXED-LENGTH DATA ELEMENTS

  • fixed length control field: 170504|| aca||aabn | a|a d

040 ## - CATALOGING SOURCE

  • Original cataloging agency: OSt
  • Transcribing agency: OSt

110 ## - HEADING--CORPORATE NAME

  • Corporate name or jurisdiction name as entry element: Malaysia
  • Subordinate unit: Jabatan Kastam Diraja Malaysia

670 ## - SOURCE DATA FOUND

  • Source citation: Work cat.: (OSt): Malaysia Jabatan Kastam Diraja Malaysia, Laporan tahunan /, [2014]
Pusat Sumber Maklumat Dato' Haji Sarmin Md Hussin, Akademi Kastam Diraja Malaysia, Melaka
Tel: 06-2331106 | Faks: 06-2313787